| 000 | 01362cab a2200217 4500 | ||
|---|---|---|---|
| 001 | ##L132469 | ||
| 008 | 060213n2006 000 0 eng u | ||
| 035 | _a(Sirsi) u132469 | ||
| 041 | 0 | _aeng | |
| 100 | 1 | _aCottam, Guy | |
| 245 | 0 | 0 | _aGet used to FIDIC conditions |
| 260 | _c2006 | ||
| 490 | 0 |
_aConstruction News _v(6953) 9 February 2006, 37(1) |
|
| 520 | _aLooks at some of the key provisions of the FIDIC conditions of contract, including those dealing with insurance and time limits, and examines the role and powers of the Dispute Adjudication Board, which is appointed at the commencement of each contract. The author emphasises that contractors and sub-contractors must familiarise themselves with FIDIC conditions before entering into these contracts. | ||
| 590 | _aIKA140206 | ||
| 650 | 2 | 4 | _aFIDIC CONDITIONS OF CONTRACT FOR CONSTRUCTION FOR BUILDING AND ENGINEERING WORKS DESIGNED BY THE EMPLOYER (1999 EDITION) |
| 650 | 2 | 4 | _aFIDIC CONDITIONS OF CONTRACT FOR PLANT AND DESIGN-BUILD FOR ELECTRICAL AND MECHANICAL PLANT AND FOR BUILDING AND ENGINEERING WORKS DESIGNED BY THE CONTRACTOR 1999 EDITION |
| 650 | 2 | 4 | _aFIDIC CONDITIONS OF CONTRACT FOR EPC/TURNKEY PROJECTS 1999 EDITION |
| 690 | _aBUILT ENVIRONMENT-BUILDING CONTRACT FORMS-STANDARD FORMS OF BUILDING CONTRACT-INTERNATIONAL FEDERATION OF CONSULTING ENGINEERS CONTRACTS | ||
| 942 | _n0 | ||
| 999 |
_c76463 _d76463 |
||